000 00769nam a2200253Ia 4500
003 OSt
005 20220923220055.0
006 a|||||r|||| 00| 0
007 ta
008 220922b |||||||| |||| 00| 0 hin d
024 _a184,042
037 _cTextual
040 _aARTS
_cARTS
_bhin
041 _2hin
_ahin
082 _aO152,1NGUx, M3
100 _aगुजराल, शीला
245 0 _aअनुवाद
246 _aAnuvāda
260 _aनई दिल्ली
_b हिन्दी बुक संेन्टर
_c1983
300 _a61 पृ.
_ccm.
650 _aहिन्दी साहित्य
_9156264
942 _hO152,1NGUx, M3
_cTEXL
_2CC
999 _c337341
_d337341